UVOLŇOVÁNÍ DILTIAZEMIUMCHLORIDU A IBUPROFENU Z HYDROFILNÍCH MATRICOVÝCH TABLET

Bibliographic Details
Main Authors: Medvecká, G. (Author), Vostalová, L (Author), Rabišková, Miloslava, 1951- (Author)
Format: Article
Language:Czech

MARC

LEADER 00000nab a2200000uu 4500
001 vtls011140227
003 SK-MaSNL
005 20260303200325.0
008 230218|2003 xo |||||||||||||||||cze|
015 |a SNBRB 
035 |a (urnnbn)urn:nbn:sk:snk:ar-007zkg 
035 |a (uuid)2c7322ae-15bf-438b-b625-77ada0a9345b 
035 |a urn:nbn:sk:snk-abas7o 
040 |a SNKBUCL  |b slo  |c SNKBUCL  |e AACR2 
041 0 |a cze 
044 |a xo  |c SK 
100 1 |a Medvecká, G.  |4 aut  |9 1230261 
245 1 0 |a UVOLŇOVÁNÍ DILTIAZEMIUMCHLORIDU A IBUPROFENU Z HYDROFILNÍCH MATRICOVÝCH TABLET  |c G. Medvecká, L Vostalová, M. Rabišková 
700 1 |a Vostalová, L  |4 aut  |9 1230262 
700 1 |a Rabišková, Miloslava,  |d 1951-  |4 aut  |9 230126 
773 0 |t Česká a slovenská farmacie : časopis České farmaceutické společnosti a Slovenské farmaceutické společnosti  |g Roč. 52, č. 6 (2003), s. 295-298 
954 |a odborná, vedecká literatúra cudzojazyčná (svetová)  |2 lita 
958 |a OND 
958 |a EUIPO 
958 |a article14 
999 |c 2167635  |d 2169565